书目信息 |
| 题名: |
初等教育史
|
|
| 作者: | 夏鹏翔 , 唐延延 主编 | |
| 分册: | ||
| 出版信息: | 北京 北京师范大学出版社 2019.07 |
|
| 页数: | 185页 | |
| 开本: | 29cm | |
| 丛书名: | 新时代小学教师教育融媒体丛书 | |
| 单 册: | ||
| 中图分类: | G629.29 | |
| 科图分类: | ||
| 主题词: | 初等教育--教育史--中国 | |
| 电子资源: | ||
| ISBN: | 978-7-303-24189-7 | |
| 000 | 00994oam2 2200265 450 | |
| 001 | 0108153916 | |
| 005 | 20210308154404.0 | |
| 010 | @a978-7-303-24189-7@dCNY30.00 | |
| 100 | @a20190829d2019 em y0chiy50 ea | |
| 101 | 0 | @achi |
| 102 | @aCN@b110000 | |
| 105 | @aa z 000yy | |
| 106 | @ar | |
| 200 | 1 | @a初等教育史@Achu deng jiao yu shi@f夏鹏翔, 唐延延主编 |
| 210 | @a北京@c北京师范大学出版社@d2019.07 | |
| 215 | @a185页@c照片, 图@d29cm | |
| 225 | 2 | @a新时代小学教师教育融媒体丛书@f刘慧主编 |
| 330 | @a本书讨论了初等教育的概念和特点,主要阐述了初等教育的历史渊源、古代思想家论初等教育、初等教育的产生、代表性事件、近代教育思想家论初等教育、工业革命后初等教育的普及状况、现代教育思想家论初等教育等内容。 | |
| 461 | 0 | @12001 @a新时代小学教师教育融媒体丛书 |
| 606 | 0 | @a初等教育@x教育史@y中国 |
| 690 | @aG629.29@v5 | |
| 701 | 0 | @a夏鹏翔@Axia peng xiang@4主编@f(1961~) |
| 701 | 0 | @a唐延延@Atang yan yan@4主编 |
| 801 | 0 | @aCN@bBJSZM@c20210308 |
| 905 | @b1273115-8@dG629.29@e1334@f4 | |
| 初等教育史/夏鹏翔, 唐延延主编.-北京:北京师范大学出版社,2019.07 |
| 185页:照片, 图;29cm.-(新时代小学教师教育融媒体丛书/刘慧主编) |
| ISBN 978-7-303-24189-7:CNY30.00 |
| 本书讨论了初等教育的概念和特点,主要阐述了初等教育的历史渊源、古代思想家论初等教育、初等教育的产生、代表性事件、近代教育思想家论初等教育、工业革命后初等教育的普及状况、现代教育思想家论初等教育等内容。 |
| ● |
| 相关链接 |
|
|
|
|
正题名:初等教育史
索取号:G629.29/1334
 
预约/预借
| 序号 | 登录号 | 条形码 | 馆藏地/架位号 | 状态 | 备注 |
| 1 | 1273115 | 212731150 | 第一样本阅览室/ [索取号:G629.29/1334] | 在馆 | |
| 2 | 1273116 | 212731169 | 教育系资料室/ [索取号:G629.29/1334] | 在馆 | |
| 3 | 1273117 | 212731178 | 教育系资料室/ [索取号:G629.29/1334] | 在馆 | |
| 4 | 1273118 | 212731187 | 第四借阅区/ [索取号:G629.29/1334] | 在馆 |